01922nam a2200373 a 4500001001200000003000800012006001900020007001500039008004100054010001700095015001900112016001800131020001800149020001500167040002100182035002100203043001200224050002500236082001800261100002400279245010800303260003600411300001700447504004100464505057300505533015201078650004001230650003901270650005001309655002901359710001701388856012601405999001701531ebr10256065CaPaEBRm u cr cn|||||||||070511s2008 mau sb 000 0 eng  z 2007019704 aGBA7884432bnb7 z0142354652Uk z9780807047309 z0807047309 aCaPaEBRcCaPaEBR a(OCoLC)503445903 an-us---14aHC110.P6bW53 2008eb04a363.809732221 aWinne, Mark,d1950-10aClosing the food gaph[electronic resource] :bresetting the table in the land of plenty /cMark Winne. aBoston :bBeacon Press,cc2008. axxii, 199 p. aIncludes bibliographical references.0 aIntroduction : I've come to-- shop? -- Suburbia, environmentalism, and the early gurglings of the food movement -- Reagan, hunger, and the rise of food banks -- Farmer's markets : bringing food to the people -- Community gardens : growing our own -- Food banks : waste not, want not -- Re-storing America's food deserts -- Growing obese and diabetic : going local and organic -- Community supported agriculture : communities find the way -- Public policy : food for the people -- Income disparities, poverty, and the food gap -- Conclusion : resetting America's table. aElectronic reproduction.bPalo Alto, Calif. :cebrary,d2013.nAvailable via World Wide Web.nAccess may be limited to ebrary affiliated libraries. 0aPovertyzUnited StatesxPrevention. 0aHungerzUnited StatesxPrevention. 0aEconomic assistance, DomesticzUnited States. 7aElectronic books.2local2 aebrary, Inc.40uhttp://site.ebrary.com/lib/rucke/Doc?id=10256065zAn electronic book accessible through the World Wide Web; click to view c33488d33488